03202nam a2200385 a 4500001001200000003000800012006001900020007001500039008004100054010001700095020002200112020001800134040002100152035002100173043001200194050002500206110003700231245019800268260005800466300002200524504005300546505021100599520116000810533015201970650005402122650005302176655002902229700002502258710018102283710009302464710009702557710001702654856012602671999001902797ebr10495474CaPaEBRm u cr cn|||||||||100806s2010 dcua sb 100 0 eng d z 2010281434 z0309150167 (pbk.) z9780309150163 aCaPaEBRcCaPaEBR a(OCoLC)681359078 an-us---14aUB251.U5bN38 2010eb2 aNational Research Council (U.S.)10aField evaluation in the intelligence and counterintelligence contexth[electronic resource] :bworkshop summary /cRobert Pool, rapporteur ; National Research Council of the National Academies. aWashington, D.C. :bNational Academies Press,cc2010. ax, 104 p. :bill. aIncludes bibliographical references (p. 99-104).0 aIntroduction -- Behavioral tools and techniques -- Field evaluation experiences in other areas -- Experiences in other countries -- Ethical, regulatory, and cultural considerations -- Looking to the future. a"On September 22-23, 2009, the National Research Council held a workshop on the field evaluation of behavioral and cognitive sciences--based methods and tools for use in the areas of intelligence and counterintelligence. Broadly speaking, the purpose of the workshop was to discuss the best ways to take methods and tools from behavioral science and apply them to work in intelligence operations. More specifically, the workshop focused on the issue of field evaluation--the testing of these methods and tools in the context in which they will be used in order to determine if they are effective in real-world settings. This book is a summary and synthesis of the two days of presentations and discussions that took place during the workshop. The workshop participants included invited speakers and experts from a number of areas related to the behavioral sciences and the intelligence community. The discussions covered such ground as the obstacles to field evaluation of behavioral science tools and methods, the importance of field evaluation, and various lessons learned from experience with field evaluation in other areas."--Publisher's description. aElectronic reproduction.bPalo Alto, Calif. :cebrary,d2011.nAvailable via World Wide Web.nAccess may be limited to ebrary affiliated libraries. 0aMilitary intelligencezUnited StatesvCongresses. 0aCognitive psychologyzUnited StatesvCongresses. 7aElectronic books.2local1 aPool, Robert,d1955-2 aNational Research Council (U.S.).bPlanning Committee on Field Evaluation of Behavioral and Cognitive Sciences-Based Methods and Tools for Intelligence and Counterintelligence.2 aNational Research Council (U.S.).bBoard on Behavioral, Cognitive, and Sensory Sciences.2 aNational Research Council (U.S.).bDivision of Behavioral and Social Sciences and Education.2 aebrary, Inc.40uhttp://site.ebrary.com/lib/rucke/Doc?id=10495474zAn electronic book accessible through the World Wide Web; click to view c130616d130616